Basic electrical engineering (Record no. 14629)

MARC details
000 -LEADER
fixed length control field 00229nam a22001097a 4500
082 ## - DEWEY DECIMAL CLASSIFICATION NUMBER
Classification number 621.3CAT
100 ## - MAIN ENTRY--AUTHOR NAME
Personal name Cathy
245 ## - TITLE STATEMENT
Title Basic electrical engineering
260 ## - PUBLICATION, DISTRIBUTION, ETC. (IMPRINT)
Place of publication London
Name of publisher McGraw Hill
Year of publication 1987
300 ## - PHYSICAL DESCRIPTION
Number of Pages 298
942 ## - ADDED ENTRY ELEMENTS (KOHA)
Koha item type Books
Holdings
Withdrawn status Lost status Home library Current library Date acquired Cost, normal purchase price Full call number Accession Number Koha item type
    Central Library, QUEST, Nawabshah Central Library, QUEST, Nawabshah 10/11/2015 91.12 621.3CAT 12602 Books
    Central Library, QUEST, Nawabshah Central Library, QUEST, Nawabshah 10/11/2015 91.12 621.3CAT 12603 Books
    Central Library, QUEST, Nawabshah Central Library, QUEST, Nawabshah 10/11/2015 91.12 621.3CAT 12604 Books